| 000 | 00511 a2200193 4500 | ||
|---|---|---|---|
| 005 | 20260313115459.0 | ||
| 008 | 260312b |||||||| |||| 00| 0 eng d | ||
| 020 |
_a9789371267021 _cRs. 345.00 |
||
| 040 | _aMAIN | ||
| 082 |
_a345.08 _bT199J |
||
| 100 | _aTaxmann Bare Act | ||
| 245 | _aJuvenile justice (Care and Protection of Children) act 2015 | ||
| 260 |
_bTaxmann _c2026 _aNew Delhi |
||
| 300 | _av, | ||
| 650 | _aLaw | ||
| 650 | _aCriminal Law | ||
| 650 | _aLaw Relating to Children | ||
| 942 | _cBK | ||
| 999 |
_c396337 _d396337 |
||